000 00952nmm a2200301 a 4500
001 ocm000697864
003 TR-IsHL
005 20201028143037.0
008 140118s2009 tu tur
007 cr cn
020 _a9789756195420
035 _a697864
_b(N$T)
050 0 4 _aPT8116.T8
_bY45 2009
090 0 4 _aPT8116.T8
_bY45 2009
100 1 _aAndersen, Hans Christian
245 1 0 _aAndersen masalları
_h[electronic resource] /
_cHans Christian Andersen ; ed. Mehmet Dikmen
260 _aİstanbul :
_bKaranfil Yayınları,
_c2009
300 _a112 p.
650 4 _aDil ve Edebiyat
650 4 _aLanguage and Literature
650 0 _aTales.
650 0 _aTales, Danish.
650 0 _aMasallar.
650 0 _aMasallar, Danimarka.
650 7 _aJUVENILE FICTION / Historical / Europe
_2bisacsh
700 1 _aDikmen, Mehmet
856 4 0 _uhttp://search.ebscohost.com/login.aspx?direct=true&scope=site&db=e011xww&AN=697864
999 _c8686
_d8686